00441 2200169 4500001002100000005001500021008004100036020002200077035001900099041000700118082000800125090001200133100002600145245004900171260002800220650002300248INLIS00000000001994120241224115809241224||||||||| | ||| |||| || |  a978-979-26-7193-3 0010-1224019941 aid0 a599 a599 Hew0 aTim Anaksaleh Pratama00aAku Bertanya, Sains Menjawab: Hewan Menyusui bAnaksaleh Pratamac2008 0aIlmu tentang Hewan